NURSING CARE PLANNING RESOURCE VOL.-1 MEDICAL SURGICAL NURSING (Record no. 24943)

MARC details
000 -LEADER
fixed length control field 00485nam a22001697a 4500
003 - CONTROL NUMBER IDENTIFIER
control field SGT
020 ## - INTERNATIONAL STANDARD BOOK NUMBER
International Standard Book Number 9788131247440
082 ## - DEWEY DECIMAL CLASSIFICATION NUMBER
Classification number 610.7367
Item number N17S
100 ## - MAIN ENTRY--PERSONAL NAME
Personal name SWEARINGEN, PAMELA L.
245 ## - TITLE STATEMENT
Title NURSING CARE PLANNING RESOURCE VOL.-1 MEDICAL SURGICAL NURSING
250 ## - EDITION STATEMENT
Edition statement 1ST S.A.
260 ## - PUBLICATION, DISTRIBUTION, ETC. (IMPRINT)
Place of publication, distribution, etc INDIA
Name of publisher, distributor, etc ELSEVIER PUB
Year of Publication 2017
300 ## - PAGE DESCRIPTION
No. of Pages 612
650 ## - SUBJECT ADDED ENTRY--TOPICAL TERM
Topical term or geographic name as entry element MEDICAL SURGICAL NURSING
653 ## - KEYWORDS--INDEX TERM
Keyword term NURSING CARE PLANNING RESOURCE VOL.-1 MEDICAL SURGICAL NURSING
942 ## - ADDED ENTRY ELEMENTS (KOHA)
Source of classification or shelving scheme Dewey Decimal Classification
Koha item type Books
Holdings
Withdrawn status Lost status Source of classification or shelving scheme Damaged status Not for loan Collection code Home library Current library Shelving location Date acquired Vendor Name Cost, normal purchase price Volume Information (Serial or Books or Non-Book Material) SGTU Bill Number Full call number Accession No. (Barcode) Date last seen Bill Date Koha item type Total Checkouts
    Dewey Decimal Classification   Not For Loan NURSING SGT Medical Library SGT Medical Library Reference Book 02/09/2023 ABC DELHI 1050.00 VOL-I SGTU 16927 610.7367 N17S FN5258 02/09/2023 20/06/2023 Books  
    Dewey Decimal Classification     NURSING SGT Medical Library SGT Medical Library Text Book 02/09/2023 ABC DELHI 1050.00 VOL-I SGTU 16927 610.7367 N17S FN5259 02/09/2023 20/06/2023 Books  
    Dewey Decimal Classification     NURSING SGT Medical Library SGT Medical Library Text Book 02/09/2023 ABC DELHI 1050.00 VOL-I SGTU 16927 610.7367 N17S FN5260 02/09/2023 20/06/2023 Books